How disruptive will HIPs be? (Record no. 76546)
[ view plain ]
| 000 -LEADER | |
|---|---|
| fixed length control field | 01262cab a2200241 4500 |
| 001 - CONTROL NUMBER | |
| control field | ##L132662 |
| 008 - FIXED-LENGTH DATA ELEMENTS--GENERAL INFORMATION | |
| fixed length control field | 060227n2006 000 0 eng u |
| 035 ## - SYSTEM CONTROL NUMBER | |
| System control number | (Sirsi) u132662 |
| 041 0# - LANGUAGE CODE | |
| Language code of text/sound track or separate title | eng |
| 100 1# - MAIN ENTRY--PERSONAL NAME | |
| Personal name | Bennett, Jackie |
| 245 00 - TITLE STATEMENT | |
| Title | How disruptive will HIPs be? |
| 260 ## - PUBLICATION, DISTRIBUTION, ETC. | |
| Date of publication, distribution, etc. | 2006 |
| 490 #0 - SERIES STATEMENT | |
| Series statement | Housing Finance |
| Volume/sequential designation | (02/2006) January 2006 |
| 520 ## - SUMMARY, ETC. | |
| Summary, etc. | Considers the potential market impacts of introducing Home Information Packs (HIPs) in England and Wales. Examines the probable short term and longer term market impacts and the effect on the market cycle. Concludes that the HIPs reform is likely to have an uncertain but potentially significant effect on housing market dynamics and that government must explore these market impacts before June 2007 which already seems to be a highly challenging implementation deadline. Charts and references. |
| 590 ## - LOCAL NOTE (RLIN) | |
| Local note | IKA280206 |
| 650 24 - SUBJECT ADDED ENTRY--TOPICAL TERM | |
| Topical term or geographic name entry element | HOME INFORMATION PACKS |
| 650 24 - SUBJECT ADDED ENTRY--TOPICAL TERM | |
| Topical term or geographic name entry element | HOUSING ACT 2004 |
| 650 ## - SUBJECT ADDED ENTRY--TOPICAL TERM | |
| Topical term or geographic name entry element | HOUSING ACT 2004 PART V |
| 690 ## - LOCAL SUBJECT ADDED ENTRY--TOPICAL TERM (OCLC, RLIN) | |
| Topical term or geographic name as entry element | PROPERTY-RESIDENTIAL PROPERTY-ACQUISITION AND DISPOSAL OF RESIDENTIAL PROPERTY-HOME BUYING REFORM |
| 700 1# - ADDED ENTRY--PERSONAL NAME | |
| Personal name | Pannell, Bob |
| 856 40 - ELECTRONIC LOCATION AND ACCESS | |
| Uniform Resource Identifier | <a href="https://www.cml.org.uk/cml/publications/research">https://www.cml.org.uk/cml/publications/research</a> |
| Public note | View thearticle free of charge at www.cml.org... |
| 942 ## - ADDED ENTRY ELEMENTS (KOHA) | |
| Suppress in OPAC | 0 |
| Withdrawn status | Lost status | Source of classification or shelving scheme | Damaged status | Not for loan | Home library | Current library | Shelving location | Date acquired | Total Checkouts | Full call number | Barcode | Date last seen | Copy number | Price effective from | Koha item type |
|---|---|---|---|---|---|---|---|---|---|---|---|---|---|---|---|
| Dewey Decimal Classification | Virtual | Virtual | Online | 27/02/2006 | ONLINE PUBLICATION | 132662-2001 | 06/08/2019 | 1 | 06/08/2019 | Journal article |